| Registos Bibliográficos associados ao registo de autoridade |
|
Etiqueta de registo: 00254nam 2200025 450 001 2288786 003 http://id.bnportugal.gov.pt/bib/catbnp/2288786 100 ## $a20260625d2024 k y0pory01030103ba 101 0# $apor$deng 102 ## $aPT 105 ## $aa z 001yy 106 ## $ar 200 1# $a O claro-escuro na representação do corpo$eentre a interpretação do desenho e a literalidade da fotografia$fAna Gabriela Bernardes Torres Ferreira da Costa$gorient. José Artur Vitória de Sousa Ramos 210 #9 $aLisboa$c[s.n.],$d2024 215 ## $aVI f., 329 p.$cil.$d30 cm 328 #1 $aTese dout. Belas-Artes (Desenho), Faculdade de Belas-Artes da Universidade de Lisboa,
2024 700 #1 $aCosta,$bAna Gabriela Bernardes Torres Ferreira da$32001654 702 #1 $aRamos,$bArtur,$f1966-$4727$31044453 801 #0 $aPT$bBN$gRPC 966 ## $lBN$mFGMON$x1 971 ## $cisantos$d20260625
|
|
|